00682nab a2200205 uc450000100070000000500170000700800410002403500110006503500210007604000130009704100080011010000380011824500660015665000300022265000500025265000280030277301170033094200100044799900190045765776220241127090656.0010416m01uu2001 spa  a657762 a(OCoLC)819904913 ccomduadb aspa10aBoynton, Andrew4auteaut934043010aNegocios electronicos y empresa: ensenanzas de Silicon Valley aNegocios virtuales911024 aEmpresas e innovaciones tecnológicas931795 7aInternet2armarc9239630 tHarvard Deusto Business Review (Barcelona)gNúmero 100, Enero-Febrero 2001, p. 82-86w373791z0210900X0112195 cARIMP c189952d189952